Celos del aire
Պահպանված է:
| Հիմնական հեղինակ: | |
|---|---|
| Ձևաչափ: | Գիրք |
| Լեզու: | Undetermined |
| Հրապարակվել է: |
Madrid, España
Escelicer
1967
|
| Հրատարակություն: | 4 |
| Խորագրեր: | |
| Ցուցիչներ: |
Ավելացրեք ցուցիչ
Չկան պիտակներ, Եղեք առաջինը, ով նշում է այս գրառումը!
|
MARC
| LEADER | 00000nam a2200000Ia 4500 | ||
|---|---|---|---|
| 008 | 170316s9999 xx 000 0 und d | ||
| 040 | |a cru BVZT | ||
| 090 | |a 862 L-25c | ||
| 100 | |a López Rubio, José | ||
| 245 | |a Celos del aire | ||
| 250 | |a 4 | ||
| 260 | |a Madrid, España | ||
| 260 | |b Escelicer | ||
| 260 | |c 1967 | ||
| 300 | |a 91 páginas | ||
| 650 | |a LITERATURA ESPAÑOLA | ||
| 999 | |c 10073 |d 10073 | ||
| 942 | |c 15 D |h 862 L-25c |2 z | ||
